[Event "FIDE-Wch"]
[Site "Elista"]
[Date "1996.06.18"]
[Round "7"]
[White "Karpov, Anatoly"]
[Black "Kamsky, Gata"]
[Result "1-0"]
[WhiteElo "2770"]
[BlackElo "2735"]
[Annotator "Gurevich,M"]
[PlyCount "141"]
[EventDate "1996.06.06"]
[EventType "match"]
[EventRounds "18"]
[EventCountry "RUS"]
[SourceTitle "CBM 054"]
[Source "ChessBase"]
[SourceDate "1996.10.01"]
[SourceVersion "1"]
[SourceVersionDate "1996.10.01"]
[SourceQuality "1"]

1. d4 {Ftacnik Karpov} Nf6 2. c4 g6 3. Nc3 Bg7 4. e4 d6 5. Nf3 O-O 6. Be2 e5 7.
O-O Nc6 8. d5 Ne7 9. b4 {Famous variation, but new in Karpov`s arsenal.} Nh5
10. Re1 (10. c5 {Kamsky-Kasparov New York rapid 1994}) 10... h6 (10... a5 $5
11. Ba3 Nf4 12. Bf1 Bg4 (12... f5 {Ftacnik} 13. c5 fxe4 14. Nxe4 Bg4 15. bxa5
Nf5 16. Qb3 Bh6 17. a6 bxa6 18. cxd6 cxd6 19. Nxd6 Nxd6 20. Nxe5 Bc8 21. Nc6
Qf6 22. Ne7+ Kf7 23. Qb6 Rd8 24. Qxd8 Nh3+ 25. gxh3 Qg5+ 26. Kh1 Bg4 27. hxg4
Rxd8 {Watanabe,A-Frolov,D/Budapest FS03 IM (11) 1996/0-1 (57)}) 13. h3 Bxf3 14.
Qxf3 axb4 15. Bxb4 c5 16. dxc6 Nxc6 17. a3 Ne6 18. Nb5 Ned4 $132 {Kramnik,
V-Gelfand,B Dortmund(01) 1996, but the game was played few days later Than the
K-K game.}) (10... f5 {Ftacnik} 11. Ng5) 11. Nd2 Nf4 12. Bf1 a5 {N} (12... f5
13. c5 (13. f3 c6 14. Kh1 a5 15. bxa5 Qxa5 16. Bb2 c5 17. Nb5 Qd8 18. a4 Kh8
19. g3 Nh5 20. exf5 Rxf5 21. g4 {1-0 Tukmakov,V-Ineichen,H/Bern op (01)/1996/})
13... g5 (13... fxe4 14. Ndxe4 (14. cxd6 cxd6 15. Ndxe4 Nf5 16. g3 Nh5 17. Ne2
Nf6 18. Bg2 Qb6 19. Qb3 Bd7 20. a4 $2 $17 {Tunik,G-Fedorov,V/Vladivostok
Zaitsev (09)/1995/0-1 (74)}) 14... Nf5 15. Ba3 Rf7 16. Rc1 Nd4 17. Nb5 Nxg2 18.
Kxg2 Nf3 19. Qxf3 Rxf3 20. Kxf3 Qh4 21. Ng3 Bg4+ 22. Kg2 Rf8 23. Kg1 e4 24.
Rxe4 Be5 {0-1 Brito,A-Touzane,O/Palma de Mallorca op/1995/ (43)}) 14. cxd6 cxd6
15. Nc4 g4 (15... fxe4 16. Nxe4 Nf5 17. b5 Rf7 18. a4 Bf8 19. Bb2 g4 20. Kh1 h5
21. g3 Ng6 22. Qd2 Be7 23. Kg1 h4 24. Bg2 {1-0 Kaufman,L-Weeramantry,S/New
York op Newark (05)/1996/ (38)}) 16. b5 Rf6 17. Qb3 (17. b6 a6 18. Bxf4 $5 exf4
19. e5 dxe5 20. d6 Nc6 21. Nd5 Rg6 22. Nc7 Rb8 23. Nxa6 bxa6 24. Qd5+ Be6 25.
Qxc6 Bxc4 $1 26. Bxc4+ Kh8 27. Rad1 Rxb6 28. Qc7 Rb8 29. Bxa6 Bf8 $10) 17...
Kh7 (17... Kh8 $14) 18. b6 a6 19. Ba3 Rg6 20. Rac1 h5 21. Qb4 {Ftacnik} Bf8 22.
Qb1 {/^b1_h7} h4 23. Ne3 {1-0 Sokolov,I-Van Wely,L/NLD-ch (05)/1995/ (33)}) (
12... c6 {Ftacnik} 13. dxc6 Nxc6 14. a3 a5 15. Rb1 axb4 16. axb4 Nd4 17. Nb3
Nfe6 18. Nb5 Bd7 19. N3xd4 Nxd4 20. Nxd4 exd4 21. Bf4 g5 22. Bg3 f5 23. exf5
Bxf5 24. Bd3 Qd7 25. Qf3 d5 26. cxd5 {1/2-1/2 Lalic,B-Atalik,S/Hastings9596 
(03) ;CBM 51 1996}) 13. bxa5 Rxa5 $6 {I don`t like this move, as it allow
white to open the Q-side.} (13... c5 14. Nb3 (14. dxc6 {Ftacnik} bxc6 15. Nb3
c5 16. Nb5 Ra6 17. Qd2 Ne6 18. Ba3 g5 19. h4 g4 20. Rad1 Nd4 21. N5xd4 exd4 22.
e5 g3 23. exd6 Nf5 24. fxg3 Nxg3 25. Qf4 Nh5 26. Qh2 {1-0 Blanco Fernandez,
A-Pupo,E/Capablanca mem-C (10)/1996/ (39)}) 14... f5 $132) 14. Nb3 (14. a4 {
Karpov} c5 $1) 14... Ra8 15. c5 {And white opened "their" Q-side for an active
action, while black didn`t create any serious threats on the opposite side of
the board.} f5 16. cxd6 cxd6 17. Nd2 $1 {The knight made his business on "b3"
and comes back to stabilize the center.} g5 18. Rb1 {/\ Qd1-b3-b6, Nd2-c4-b6,
x b7} (18. a4 {Karpov /\ Bc1-a3}) (18. Nc4 {Karpov}) (18. g3 {Karpov}) 18... g4
19. Qb3 {[/\20.Qb6]} fxe4 (19... Rf6 {Ftacnik} 20. Ba3 Kh8 21. Nb5 $14) 20.
Ndxe4 Kh8 $5 {Moving the K from diagonal a2-g8} (20... h5 21. Qb6 Qxb6 22. Rxb6
Nexd5 23. Nxd5 Nxd5 24. Bc4 Be6 25. Rxd6 Bf7 26. Ng5 $18 {VG}) (20... Nf5 $5
21. Qb6 (21. Nb5 Rf7 (21... Qe7 {Ftacnik} 22. Ba3 Ra6 $14) 22. a4 h5 23. Ba3
Bf8 $132) 21... Qe7 $13) 21. Be3 (21. a4 $5 $16 {(/\22.Ba3)}) (21. Ba3 Nexd5 (
21... Nf5 22. Nb5 Ra6 $13) 22. Nxd5 Nxd5 23. Bxd6 $36) 21... Nf5 (21... Rg8 {
Ftacnik} 22. Bb6 Qf8 (22... Qd7 $2 23. Bb5 Qf5 24. Nxd6) 23. Nxd6 Nexd5 24.
Nxd5 Qxd6 25. Rbd1 $14) 22. Bb6 Qe7 23. Qb4 Rf7 (23... Rg8 {Ftacnik} 24. a4 $14
) 24. a4 Bf8 {/\ Bc8-d7-e8} 25. Be3 Nh5 {[/\26...Nf6] Slowely!} (25... h5 $5 {
(/\h5-h4)<=>>>} 26. Bxf4 (26. Ng3 {(/\27.Bxf4)} Bh6 $13 27. Bxf4 $6 Bxf4 28.
Nxh5 Bxh2+ 29. Kxh2 Qh4+ 30. Kg1 Qxh5 $17) 26... exf4 27. Bd3 (27. Ng3 Qg5 $132
) 27... Qd8 $14) (25... Nxe3 26. fxe3 $1 {Ftacnik} Nh5 27. Nb5 Ra6 28. Na3 Ra8
29. Nc4 $16) 26. Rbc1 Nf6 {/\ N:e4, N:e3} 27. Bb6 h5 (27... Nxe4 {Ftacnik} 28.
Nxe4 h5 29. Rc7 $18) 28. Nxf6 Qxf6 29. Ne4 Qg6 30. a5 {/\ Rc1-c7; x d6, c8, a8}
Ng7 {[/\31...Ne8,><d6,c7]} (30... h4 31. Bc7 (31. Rc7 Rxc7 32. Bxc7 h3 $132 {
(><f3)} 33. g3 $2 Nd4 $36) 31... h3 $132) (30... Bh6 {Ftacnik} 31. Rc7 $16) 31.
Bb5 {/\ 32.Rc7} (31. Rc7 $6 {Karpov} Rxc7 32. Bxc7 Ne8) 31... Bf5 {[><g7]} (
31... Bd7 $2 {Karpov} 32. Bxd7 $16 Rxd7) 32. Ng3 Bc8 (32... h4 {Ftacnik} 33.
Nxf5 Nxf5 34. Bd3 g3 35. Rc4 gxf2+ 36. Bxf2 h3 37. Rh4+ $1 $16) 33. Rc3 {
[/\34.Rec1,34.Bd3]} h4 34. Bd3 $1 Nf5 $4 (34... Qh6 35. Be3 Qf6 (35... Rf4 {
Ftacnik} 36. Qb6 $18) 36. Ne4 $16 (36. Ne4 {Karpov} Qe7 37. Bg5 $18)) (34...
Bf5 35. Nxf5 Nxf5 36. Rc4 Rg7 37. Qb1 Rf7 38. Ree4 $16) (34... Qf6 {Karpov} 35.
Ne4 Qg6 (35... Qe7 36. Rc7 Qe8 37. Bb5 Bd7 38. Bxd7 Rxd7 39. Nf6 $18) 36. Bd8
$1 (36. Bc7 Bf5 37. Qxb7 $6 Rxa5 $132 38. Qb6 $2 Bxe4 39. Bxe4 Qxe4 $1) 36...
Nf5 (36... h3 37. Ng5) 37. Ng5 Rd7 38. Ne6 $16) 35. Nxf5 $2 (35. Rxc8 Rxc8 36.
Nxf5 $16 {VG} Rxf5 37. Qe4 $18) 35... Bxf5 36. Bxf5 Qxf5 (36... Rxf5 {Karpov}
37. Re4 Rg5 38. Be3 $18) 37. Rc4 (37. Re4 {Karpov} Rc8 $132) 37... Rg7 38. Qb1
$1 {Fighting for important white squares.} (38. Ree4 {Karpov} Rc8) 38... Qh5 (
38... Qf7 {Karpov} 39. Qd1 Qf5 40. Ree4 Rc8 41. Rxc8 Qxc8 42. h3 gxh3 43. Rxh4+
Kg8 44. g3 $18) (38... Qxb1 {Ftacnik} 39. Rxb1 $16) 39. Qd1 {/\ 40.h3} h3 (
39... Be7 {Ftacnik} 40. h3 $16) 40. Ree4 $1 {White pieces dominate on the
board.} (40. g3 Qf5 (40... Be7 {Karpov} 41. Ree4 Rag8 $14) 41. Ree4 Rc8 $1 $132
42. Rxg4 $2 Rxg4 43. Rxg4 Qxg4 44. Qxg4 Rc1+ $19) (40. Ree4 {[#]}) 40... hxg2
41. Rxg4 Rh7 (41... Rxg4 42. Qxg4 $18) 42. h4 Be7 {[/\43...Bxh4]} 43. f3 (43.
Qc2 {Karpov} Rg8 44. Rxg8+ Kxg8 45. Rc8+ Kf7 $132) 43... Rg8 44. Bf2 (44. Qc2
$5 {(/\45.Rc8)} Rxg4 (44... Bxh4 45. Qxh7+ $3 Kxh7 46. Rxh4 $18) 45. Rxg4 Rg7 (
45... Bxh4 46. Qc8+) 46. Qc8+ Kh7 47. Bf2 $16) 44... Rhg7 45. Qe2 (45. Rxg7 $1
Rxg7 46. Rg4 Bd8 (46... Qh7 {Ftacnik} 47. Qa4 $16) 47. Qa4 $16) 45... Bd8 46.
Be1 Qf7 47. Qd3 Qh5 $6 (47... Rxg4 48. fxg4 (48. Rxg4 Rxg4 49. fxg4 Qf4 (49...
e4 $13) 50. g5 (50. Qf5 Qd4+ 51. Kxg2 Qxd5+ 52. Kh2 Bxa5 $13) 50... Qg4 $13)
48... Rf8 (48... b6 $5 49. axb6 (49. a6 b5 50. Re4 Qa7+ 51. Kxg2 Qxa6 52. Qd2
Kh7 $13) 49... Bxb6+ 50. Kxg2 Rf8 $16 (50... Bd4 51. Rxd4 exd4 52. Qxd4+ $40))
49. Kxg2 Bxa5 $1 50. Bg3 (50. Bxa5 Qf2+ 51. Kh1 Qxh4+ 52. Kg1 Qf2+ 53. Kh1 Qh4+
$10) 50... Bb6 $13 {(/\51...Bd4)}) 48. Qe4 Qh6 49. Qf5 $1 {Karpov keeps the
g2-pawn alive, as the natural shild, while activating his pieces.} Bxa5 {[#]} (
49... Qe3+ {Ftacnik} 50. Bf2) 50. Rxg7 $1 (50. Bxa5 Qe3+ 51. Kxg2 Qe2+ 52. Kh3
$10 (52. Kg3 {Karpov} Qxc4) (52. Kh3 {Ftacnik} Qf1+ 53. Kh2 Qe2+ $10)) 50...
Bb6+ (50... Rxg7 {Karpov} 51. Rc8+ Rg8 52. Rxg8+ Kxg8 53. Bxa5 $18 (53. Bxa5
Qe3+ 54. Kxg2 $18)) (50... Qxg7 51. Bxa5 $18) 51. Kxg2 Qxg7+ (51... Rxg7+ $1 {
Karpov} 52. Kh3 $14 (52. Kh3 Bc5 $14)) 52. Rg4 Qe7 (52... Qh6 53. Rxg8+ Kxg8
54. Qc8+ $16) 53. Qh5+ $1 {An important check.} Qh7 54. Rxg8+ Kxg8 55. Qe8+ Kg7
56. Qe7+ Kh8 57. Qxd6 $16 {The endagame should be technicaly wining.} Qg7+ {
Abgabezug} (57... Qc2+ $5 {Karpov} 58. Kg3 Bd4 (58... Bg1 $2 59. Qxe5+ Kg8 60.
Qb8+ Kf7 61. Qxb7+ Kg8 62. Qc6 Qh2+ 63. Kg4 Qg2+ 64. Bg3 Bh2 65. Qc7 $18) (
58... Qe2 59. Qb8+ Kh7 60. Qxb7+ Kh8 61. Qxb6 Qxe1+ 62. Kg4 $18) 59. Qb8+ Kg7
60. Qxb7+ Kg8 (60... Kf8 61. Qc6 Qb1 $1 (61... Qd1 $2 62. Bb4+ Kg7 63. Qd7+ Kg8
64. Qe8+ Kh7 65. Qf7+ Kh8 66. Be7 Qg1+ 67. Kh3 Qh1+ 68. Kg4 Qg2+ 69. Kh5 $18)
62. Bf2 Bxf2+ 63. Kxf2 Qb2+ 64. Kg3 Qd4 65. Qf6+ Kg8 (65... Ke8 66. d6 Kd7 67.
h5) 66. d6 Kh7 $1 67. Kh3 Qd1 (67... Qd3 68. Kg4) 68. Qf5+ Kh6 69. Qg5+ Kh7 70.
Qh5+ $1 Kg8 71. Qxe5 $1 Qxf3+ 72. Qg3+ $18) 61. Qc6 Qd1 62. Bf2 Bxf2+ 63. Kxf2
Qd2+ 64. Kg3 Qf4+ 65. Kg2 Qd2+ (65... Qxh4 66. Qe6+ $18) 66. Kh3 Qf4 67. Qg6+
Kf8 (67... Kh8 68. Qh5+ Kg7 69. Qg5+ $18) 68. Qg4 Qf6 69. h5 $1 $18) (57... Bd4
{Karpov} 58. Qf8+ Qg8+ 59. Qxg8+ Kxg8 60. Bf2 $1 Bc3 61. Bb6 $1 Kf7 62. h5 $1
Kf6 63. Kg3 Kf5 (63... Kg5 $2 64. d6 $18) 64. h6 e4 (64... Kg6 65. d6 $18) 65.
fxe4+ Kxe4 66. Kg4 Kxd5 67. Kf5 Kc6 68. Bd8 b5 69. Bf6 b4 70. h7 $18) (57...
Bc7 58. Qf8+ Qg8+ 59. Qxg8+ Kxg8 60. Bb4 Kf7 61. Kh3 Kf6 62. Kg4 b5 63. Bc3 $1
Bb6 64. f4 Bd4 65. fxe5+ Bxe5 66. Bxe5+ Kxe5 67. h5 b4 68. h6 Kf6 69. h7 Kg7
70. d6 b3 71. d7 b2 72. d8=Q b1=Q 73. h8=Q+ $18) 58. Bg3 Bc7 (58... Bd4 {Karpov
} 59. Qe6 (59. Kh3 Kh7 60. Qe6 $18) 59... Qg8 60. Qh6+ Qh7 61. Qxh7+ Kxh7 62.
Bf2 $1 Bc3 63. Bb6 Bb4 (63... Kg6 64. d6) 64. Bc7 $18) 59. Qe6 Kh7 (59... e4
60. Qc8+ $18) 60. d6 Bd8 61. Qf5+ Kh6 (61... Qg6 62. Qd7+ $18) (61... Kh8 62.
Qc8 Qg8 63. Kh3 Bf6 64. d7 Kh7 65. Qxg8+ Kxg8 66. Bxe5 Bd8 67. Bf4 Kf7 68. Bg5
Bxg5 69. hxg5 Ke7 70. g6 $18) 62. Kh3 $5 {The simplest.} (62. Qxe5 Qxe5 63.
Bxe5 Bxh4 64. Kh3 $1 Kh5 (64... Bd8 65. Kg4 Kg6 66. f4 b5 67. f5+ Kf7 68. Bc3
$16) 65. d7 Bd8 66. Bg3 $1 b5 67. Be1 b4 68. Bxb4 Kg6 (68... Kg5 69. Be1 Kh5
70. f4 $18) 69. Be1 $18) 62... Qf6 63. Qxf6+ Bxf6 64. Kg4 {The endgame is
wining for white.} (64. d7 Kg6 65. Bxe5 Bd8 66. Bf4 $18) 64... b5 65. Kf5 Bd8 (
65... Kg7 66. Bxe5 Bxe5 67. Kxe5 $18) 66. Kxe5 {With the deficit of two pawns
black has no chance of holding this position.} Kg6 67. Kd5 b4 68. Kc4 Ba5 69.
Kb3 (69. Kb5 b3 70. Be5 Kf5 71. f4 $18) 69... Kf5 70. Ka4 Ke6 71. h5 (71. Kxa5
b3 72. d7 b2 73. d8=Q b1=Q 74. Qb6+ $18) 1-0

[Event "FIDE-Wch"]
[Site "Elista"]
[Date "1996.06.20"]
[Round "8"]
[White "Kamsky, Gata"]
[Black "Karpov, Anatoly"]
[Result "1/2-1/2"]
[WhiteElo "2735"]
[BlackElo "2770"]
[Annotator "Gurevich,M"]
[PlyCount "123"]
[EventDate "1996.06.06"]
[EventType "match"]
[EventRounds "18"]
[EventCountry "RUS"]
[SourceTitle "CBM 054"]
[Source "ChessBase"]
[SourceDate "1996.10.01"]
[SourceVersion "1"]
[SourceVersionDate "1996.10.01"]
[SourceQuality "1"]

1. e4 {Ftacnik Blatny,P Badminov} c6 2. d4 d5 3. Nd2 dxe4 4. Nxe4 Nd7 5. Ng5
Ngf6 (5... h6 $2 {Blatny,P} 6. Ne6 Qa5+ 7. Bd2 Qb6 8. Bd3 Ngf6 (8... fxe6 $2 9.
Qh5+ Kd8 10. Ba5 $18) 9. Nxf8 Kxf8 10. Nf3 $16) 6. Bd3 e6 7. N1f3 Bd6 8. Qe2 h6
(8... O-O 9. Nxe6 fxe6 10. Qxe6+ Kh8 11. Qxd6 {V.}) 9. Ne4 Nxe4 10. Qxe4 Nf6 (
10... Qc7 {Blatny,P} 11. Qg4 g5 12. Qh3 Bf4 13. O-O $14 {Jansa-Meduna/CR(ch)/
1996/}) 11. Qe2 (11. Qh4 {Kamsky-Karpov Dortmund 1993}) 11... Qc7 12. Bd2 b6
13. O-O-O Bb7 14. Ne5 c5 (14... O-O-O {Ftacnik} 15. f4 c5 16. dxc5 Bxc5 17. Kb1
Kb8 18. Rhe1 h5 $6 19. h3 h4 20. Ba6 Bxa6 21. Qxa6 Bf2 $2 22. Rf1 Bg3 23. Qa4
$1 {><c6} Rc8 24. Bb4 Nd5 $8 25. c4 $1 Bxf4 26. Nd7+ Kb7 27. cxd5 $18 {De
Firmian,N-Spiridonov,N/Lugano op/1989/}) 15. Bb5+ Ke7 16. dxc5 (16. Bf4 {
Ftacnik} Rhd8 17. Rhe1 Bd5) 16... Qxc5 (16... Bxe5 17. cxb6 Qc5 (17... Bxb2+ {
Ftacnik} 18. Kxb2 Qc5 19. a3 $1 Nd5 $8 20. c4 axb6 21. Qd3 $18) 18. Qxe5 Qxe5
19. Bb4+ $18 {V.}) 17. a3 {/\Bb4} (17. Bc3 {Ftacnik} Rhd8 18. Bd4 Qc7 19. Rhe1
Kf8 (19... Bc5 $5 20. Nxf7 Kxf7 21. Qxe6+ Kf8 22. Bxf6 Qf4+) 20. c3 a6 $1 (
20... Bc5 21. Bxc5+ Qxc5 22. f4 $10) (20... Bxg2 21. Ng4 $40) 21. Bd3 b5 (21...
Bc5 $142 22. Bxc5+ Qxc5 23. f3 b5 24. Qe3 Rac8 $15) 22. Kb1 (22. Qe3 Ng4 $1)
22... b4 23. Nc4 {Leko,P-Karpov,An/Dortmund (08)/1995/1/2-1/2 (56)}) (17. Bc6 {
Ftacnik} Rac8 $1 (17... Bxc6 18. Bb4 Qxe5 19. Qxe5 Bxb4 20. a3 Bc5 21. b4) 18.
Be3 Qxe5 19. Bxb7 Rc7 20. Ba6 Bc5 21. Bxc5+ Qxc5 $15) 17... Qc7 $5 {TN} (17...
Qxe5 18. Qxe5 Bxe5 19. Bb4+ $18 (19. Bb4+ {Ftacnik} Bd6 20. Rxd6 $18)) (17...
a5 18. Bc3 Bd5 (18... Rhd8 19. Bd4 Qc7 20. Nc4 Bc5 21. Be5 Qc8 22. Bxf6+ gxf6
23. Rxd8 Qxd8 24. Rd1 Bd5 25. Bc6 Bxc6 26. Rxd8 Rxd8 27. Ne3 $14 {Anand,
V-Karpov,A Monaco(blindfold) 1996}) 19. Rhe1 Rhc8 20. f3 Kf8 21. Kb1 Qc7 22.
Bd4 $14 {Ivanchuk,V-Karpov,A/Monaco rapid/1996/}) 18. Bf4 {Played after 8 min
of thinking.} (18. Nc4 {Blatny,P} Bc5 19. Bc3 Qf4+ 20. Kb1 Rhd8 $132) 18... Nd5
{Played after 10 min of thinking. Clear indication that the theory stoped here,
and the players started to create at the board...} 19. Bg3 Rhd8 20. Rd4 $1 {xc6
} Kf8 21. Kb1 a6 22. Rc4 (22. Bd3 b5 $132) 22... Qe7 (22... Bxe5 {Ftacnik} 23.
Rxc7 Bxc7 24. Bc4 $16) 23. Nc6 Bxc6 24. Bxc6 Ra7 25. Bxd5 (25. Re1 {Ftacnik}
Bxg3 26. hxg3 Nf6 $14) 25... exd5 (25... Bxg3 26. Bxe6 Bxf2 27. Rf4 Re8 28.
Bxf7 $1 Qxe2 29. Bc4+ Ke7 30. Bxe2 $16 {Sergey Badminov (Iliumzhinov`s advisor)
.}) 26. Bxd6 (26. Qxe7+ {Ftacnik} Rxe7 27. Bxd6 dxc4 28. Bxe7+ Kxe7 $10) 26...
Qxd6 (26... Rxd6 {Ftacnik} 27. Rc8+ Rd8 28. Qxe7+ Kxe7 29. Re1+ Kd7 30. Rxd8+
Kxd8 31. Kc1 $14) 27. Rd4 b5 (27... Qe6 {Ftacnik} 28. Qd3 Kg8 29. Rd1 $16) 28.
Qd3 Kg8 29. g3 Qe6 30. Rd1 Rad7 31. h4 Rd6 32. Rd2 (32. g4 $5 {(/\33.g5) /\33.
g5} Qe7 33. Qg3 $36) 32... Qe1+ 33. Ka2 Qe7 34. Qf3 Qe6 35. Re2 Qc8 36. Qd3 Rc6
37. Kb1 (37. Rxd5 {Ftacnik} Rxd5 38. Qxd5 Rxc2 39. Rxc2 Qxc2 40. Qa8+ Kh7 41.
Qxa6 Qc4+ $10) 37... Re6 38. Re3 (38. Rd2 $5) (38. Rd2 $5 {Blatny,P}) 38... Qc6
39. Qd2 {[/\40.Rc3] /\40.Rc3} Rxe3 40. Qxe3 (40. fxe3 {/\e4} Re8 {(/\41...Re5=)
/\41...Re5=} 41. Rxd5 Rxe3 42. Rd8+ (42. Rxb5 Rxg3 $10) 42... Re8 $10) 40...
Qe6 41. Qd2 Rd6 42. g4 Qf6 43. g5 Qf3 44. Ka2 (44. gxh6 Rxh6 45. Rxd5 Rxh4 $10
(45... Rxh4 $10 {Blatny,P} 46. Rd8+ Kh7 47. Rd6 (47. Rh8+ {Ftacnik} Kxh8 48.
Qd8+ Kh7 49. Qxh4+ Kg6 $10) 47... Rh2 48. Rxa6 Rxf2)) 44... Qf5 45. c3 (45.
gxh6 {Ftacnik} gxh6 46. Rd3 Kh7) 45... Qf3 46. Rf4 Qh3 47. gxh6 $6 {Blows the
last hopes for advantage. [#]} Qe6 $1 {A nice strategical manoeuvre,missed by
the Challenger,I presume.} (47... Rxh6 48. Qxd5 Rxh4 49. Qd8+ $18) 48. Qd4 (48.
hxg7 d4+ 49. Kb1 (49. c4 {Ftacnik} bxc4 $17) 49... dxc3 $132 50. Qxc3 $2 Rd1+
51. Kc2 Qe2+ 52. Kb3 Rd3 $19) 48... Qxh6 49. Rf5 Qe6 $10 {[><f2,h4] קf2,Ph4}
50. Re5 (50. Rg5 {Ftacnik} f6 51. Rg3 Qe4 $10) 50... Qd7 51. Ka1 f6 52. Re3 Rc6
53. h5 Rc4 54. Qb6 d4 55. Rd3 Qf5 56. Rxd4 Rxd4 57. cxd4 (57. Qxd4 Qxh5 $10 (
57... Qxh5 {Ftacnik} 58. Qd6 Qf3 59. Qxa6 Qd1+ 60. Ka2 Qd5+ $10)) 57... Qxf2
58. Qe6+ Kf8 59. Qd6+ Kf7 60. Qd7+ Kf8 61. Qd6+ Kf7 62. Qd7+ 1/2-1/2

[Event "FIDE-Wch"]
[Site "Elista"]
[Date "1996.06.22"]
[Round "9"]
[White "Karpov, Anatoly"]
[Black "Kamsky, Gata"]
[Result "1-0"]
[WhiteElo "2770"]
[BlackElo "2735"]
[Annotator "Ftacnik,L"]
[PlyCount "81"]
[EventDate "1996.06.06"]
[EventType "match"]
[EventRounds "18"]
[EventCountry "RUS"]
[SourceTitle "CBM 054"]
[Source "ChessBase"]
[SourceDate "1996.10.01"]
[SourceVersion "1"]
[SourceVersionDate "1996.10.01"]
[SourceQuality "1"]

1. d4 {Karpov} Nf6 2. c4 g6 3. Nc3 d5 4. Nf3 Bg7 5. Qb3 dxc4 6. Qxc4 O-O 7. e4
a6 8. e5 b5 9. Qb3 Nfd7 10. Be3 (10. e6 {Karpov-Kamsky (05)/Fide Wch (Elista)/}
) 10... c5 (10... Nb6 {Karpov}) 11. e6 c4 (11... fxe6 {Karpov} 12. Qxe6+ Kh8
13. Qe4 $16) 12. exf7+ (12. Qc2 fxe6 13. h4 e5 14. O-O-O Nc6 15. Qe4 Qc7 16.
Nd5 Qb7 17. h5 Nf6 18. Nxf6+ Rxf6 19. dxe5 Bf5 20. Qd5+ e6 21. Qd7 Rf7 22. Qxb7
Rxb7 23. Be2 {1-0 Moskalenko,V-Qin Kanying/Beijing op (01)/1991/ (44)}) 12...
Rxf7 13. Qd1 Nb6 14. Ne5 $1 (14. a4 b4 15. Ne4 a5 16. Ne5 Rf8 17. Nxc4 Nd5 18.
Be2 Nxe3 19. fxe3 e5 20. Nxe5 Bb7 21. Bc4+ Kh8 22. Qg4 Bxe5 23. dxe5 Nd7 24.
Nd6 Nxe5 25. Qd4 Qf6 26. Rf1 Qg7 27. Bb3 Bxg2 28. Rxf8+ Rxf8 29. O-O-O {
1/2-1/2 Portisch,L-Ribli,Z/HUN-ch Budapest (03)/1971/ (42)}) 14... Rf8 (14...
Bxe5 $2 15. dxe5 Qc7 16. Qd4 $16) 15. a4 b4 16. a5 (16. Ne4 a5 $2) 16... bxc3
17. axb6 cxb2 18. Bxc4+ Kh8 (18... e6 $5 19. Rb1 Qxb6 20. Qb3 (20. Qd2 Bxe5 21.
dxe5 Qc6 22. Bf1 Nd7 23. Rxb2 Nxe5 $17) 20... Qxb3 21. Bxb3 Bxe5 22. dxe5 Nc6
23. Rxb2 (23. f4 $2 Rb8) 23... Rb8 24. Ke2 Nxe5 25. Rc1 $44) 19. Rb1 Qxb6 20.
Qd2 Nd7 (20... Be6 21. Rxb2 Qd6 22. Bxe6 Qxe6 23. O-O $14) 21. Rxb2 Nxe5 $5 (
21... Qf6 22. f4 $13) 22. Rxb6 Nxc4 23. Qb4 Nxb6 24. Qxb6 a5 (24... Bf5 25. Qa5
Rfb8 26. O-O $16) 25. O-O a4 26. Ra1 Bf5 (26... a3 27. Qb3 $16) 27. h4 e6 {
x d6, f6} (27... Rfb8 $2 28. Rxa4 Rxb6 29. Rxa8+ Bf8 30. Bh6 Be6 (30... Rf6 31.
Bxf8 $18) 31. Bxf8 Bd5 32. Rd8 Rd6 33. Rb8 Rd7 34. Bxe7+ Kg7 35. Bc5 $18) (
27... Bf6 28. Bh6 $1 Rfb8 $2 29. Rxa4 $1) (27... Bc2 $5 28. Qc7 Bb3 29. Qxe7
Rfd8) 28. Bf4 Be4 29. Bd6 Rfc8 30. Qb5 {/\ 31.R:a4, 31.Be5} Bc6 (30... Bc2 31.
Be5 Bb3 32. Bxg7+ Kxg7 33. h5 $40) 31. Qb4 Kg8 32. Ra3 Ra6 $2 (32... Kf7 33. f3
Ra6 $16) 33. Qc4 Rca8 34. Qxe6+ Kh8 35. Be5 Bxe5 (35... Be8 $2 36. Qe7 Bxe5 37.
Qf8#) 36. Qxe5+ Kg8 37. h5 Be8 (37... gxh5 38. Rg3+ $18) 38. h6 R6a7 39. d5 {
Karpov combines mating threat with the advance of a passed pawn.} (39. Rf3 $142
$1 $18 {/\ 40.Qh8+}) 39... Rb7 40. d6 Rd8 (40... Rd7 41. Rf3 a3 (41... Rf7 42.
Rxf7 Kxf7 43. Qe7+ Kg8 44. Qg7#) 42. Qh8+ $1 Kxh8 43. Rf8#) 41. Rf3 {/\ 42.
Qh8+!;} (41. Rf3 Bc6 42. Qe6+ Kh8 43. Qf6+ $18) 1-0